[Event "Cap d'Agde Avenir op"]
[Site "Cap d'Agde"]
[Date "2008.10.26"]
[Round "2"]
[White "Boissezon, Michel"]
[Black "Peyrard, Didier"]
[Result "1-0"]
[WhiteElo "1751"]
[BlackElo "1580"]
[PlyCount "75"]
[EventDate "2008.10.25"]
[EventType "swiss"]
[EventRounds "9"]
[EventCountry "FRA"]
[SourceTitle "EXT 2010"]
[Source "ChessBase"]
[SourceDate "2010.11.25"]
[SourceVersion "1"]
[SourceVersionDate "2010.11.25"]
[SourceQuality "1"]

1. Nf3 g6 2. g3 b6 3. Bg2 Bb7 4. 0-0 Bg7 5. c3 Nf6 6. d3 0-0 7. e4 d6 8. h3 Nbd7 9. Be3 c5 10. Qc2 Qc7 11. Nbd2 Rad8 12. Rac1 Bc6 13. d4 cxd4 14. cxd4 Rc8 15. d5 Bb5 16. Qxc7 Rxc7 17. Rxc7 Bxf1 18. Bxf1 h6 19. b4 e6 20. dxe6 fxe6 21. Bb5 Rd8 22. Nd4 Ne5 23. Nxe6 Rd7 24. Bxd7 Nexd7 25. Nxg7 Kxg7 26. Bd4 Kf8 27. Bxf6 Nxf6 28. Rxa7 Ke8 29. f3 Nd7 30. Nc4 g5 31. Rxd7 Kxd7 32. Nxb6+ Kc6 33. Nd5 Kb5 34. h4 gxh4 35. gxh4 Kc4 36. a4 h5 37. a5 Kb5 38. f4 1-0